000 00774cam a22002657a 4500
003 CHAP
005 20220329134938.0
008 971013s r 00010 d
010 _a28493
011 _a29465
035 _a33576
040 _cCHAP
090 _aR-837
100 0 0 _aKnuston, Herbert.
_963565
245 1 2 _aA revised list of the orthoptera of Iowa
500 _aSobretiro de : Proc. Iowa Acad. Sci. 42 : 179-84, 1935
590 _aBATCH-UPD
_b10
_c20130110
_lUCH01
_h2120
590 _aBATCH-UPD
_b10
_c20130410
_lUCH01
_h1430
590 _aBATCH-UPD
_b10
_c20130914
_lUCH01
_h1854
590 _aCONVERSION
_b10
_c20130109
_lUCH01
_h1316
650 1 4 _aOrtópteros.
_984147
901 _aBK
942 _cREIMP
949 _aR-837
_bBC
_cR
_d-78140
_eTS1
_i33576
_si
999 _c28493
_d28493